| 000 | 00542nam a2200205Ia 4500 | ||
|---|---|---|---|
| 005 | 20260429112158.0 | ||
| 008 | 260429s9999||||xx |||||||||||||| ||und|| | ||
| 020 | _a9781647286910 | ||
| 041 | _aEnglish | ||
| 082 |
_a370.95 _bKOH |
||
| 100 | _aKohl, Lisa | ||
| 245 | 0 |
_aRole of education in human capital and economic growth / _cLisa Kohl |
|
| 250 | _a1st ed. | ||
| 260 |
_aNew York : _bWillford Press, _c2025. |
||
| 300 | _avii, 252 p.; hb | ||
| 650 | _a Education | ||
| 650 | _a Human capital | ||
| 650 | _aEconomics | ||
| 942 | _cTB | ||
| 999 |
_c52749 _d52749 |
||